000 00789 a2200217 4500
001 63337
005 20260407155930.0
008 260407a1969 arg spa d
003 AR-UNSa-BCEJYS
040 _aAR-UNSa-BCEJYS
_bspa
_cAR-UNSa-BCEJYS
080 _a511
_xTeoría de números
245 1 0 _aTeoría de la aritmetica
264 1 _aMéxico :
_bLimusa-Wiley
_c1969
300 _a383 p.
_c23 cm.
505 _a1. Origen de los numerales y sistemas de numeración - 2. Conjuntos - 3. Relaciones y sus propiedades - 4. El sistema de los números enteros no negativos - 5. El cantar y el calcular en sistemas con bases distintas de diez -
041 _aspa
942 _cBK
590 _aniveau_biblio:m niveau_hierar:0
100 1 _aPeterson, John A.
700 1 _aHashisaki, Joseph
999 _c8124
_d8124